|
|
|
|
| LEADER |
00000nam0a2200000 4500 |
| 001 |
260315 |
| 005 |
20231101233452.0 |
| 010 |
|
|
|a 5648000723
|
| 035 |
|
|
|a (RuTPU)RU\TPU\book\283263
|
| 090 |
|
|
|a 260315
|
| 100 |
|
|
|a 20140515d1988 k y0rusy50 ca
|
| 101 |
0 |
|
|a rus
|
| 102 |
|
|
|a UZ
|
| 105 |
|
|
|a a z 001zy
|
| 200 |
1 |
|
|a Упругие и неупругие дифракционные ядерные взаимодействия
|f Г. Г. Арушанов, Е. И. Исматов
|g Академия наук Узбекской ССР (АН УзССР), Институт ядерной физики (ИЯФ) ; отв. ред. А. Г. Ситенко
|
| 210 |
|
|
|a Ташкент
|c Фан
|d 1988
|
| 215 |
|
|
|a 284 с.
|c ил.
|
| 320 |
|
|
|a Библиогр.: с. 272-283.
|
| 606 |
1 |
|
|a Элементарные частицы
|x Взаимодействие с ядрами
|2 stltpush
|3 (RuTPU)RU\TPU\subj\60247
|9 77683
|
| 610 |
1 |
|
|a адронные дифракционные процессы
|
| 610 |
1 |
|
|a ряд Факсена-Хольтсмарка
|
| 610 |
1 |
|
|a суммирование
|
| 610 |
1 |
|
|a высокие энергии
|
| 610 |
1 |
|
|a рассеяние
|
| 610 |
1 |
|
|a амплитуда
|
| 610 |
1 |
|
|a интегральные представления
|
| 610 |
1 |
|
|a упругие ядерные процессы
|
| 610 |
1 |
|
|a неупругие ядерные процессы
|
| 675 |
|
|
|a 539.172
|v 3
|
| 700 |
|
1 |
|a Арушанов
|b Г. Г.
|g Георгий Гургенович
|
| 701 |
|
1 |
|a Исматов
|b Е. И.
|g Ермахан Исматович
|
| 702 |
|
1 |
|a Ситенко
|b А. Г.
|4 340
|
| 712 |
0 |
2 |
|a Академия наук Узбекской ССР (АН УзССР)
|b Институт ядерной физики (ИЯФ)
|2 stltpush
|3 (RuTPU)RU\TPU\col\11486
|
| 801 |
|
1 |
|a RU
|b 63413507
|c 20140515
|
| 801 |
|
2 |
|a RU
|b 63413507
|c 20150202
|g RCR
|
| 942 |
|
|
|c BK
|